000 00525nam a2200181Ia 4500
008 100917s9999 xx 000 0 und d
082 _b49292
100 _aकुबल रमेश
245 _aअेका बापाजा जन्म
260 _bजागर प्रकाशन
_c1979
300 _a94
365 _b15
520 _aकथा
630 _aअेका बापाजा जन्म
650 _aकथा
730 _aअेका बापाजा जन्म
942 _cBOOK
999 _c654686
_d654683